00397nam a2200157Ia 45000010006000000050017000060080041000230410008000640820036000721100059001082450015001672600009001823000032001916500008002236540008002311187020260306162900.0260306t2023||||xx |||||||||||||| ||spa|| aESP aHR 200bJUL-SET 2023 SALESIANUM aPontificiae Studiorum Universitatis Salesianae - Romae 0aSalesianum c2023 aPáginas 428-622 :c24 cm. aGEN aCHU